00737nam a22001817a 4500003000900000008004100009040007100050082002200121100002600143245004000169260002100209300002800230505020200258650002300460650002600483650002200509650002400531AR-CdUCM190409b ||||| |||| 00| 0 spa d aMUNICIPALIDAD PROVINCIAL DEL CUSCOcBIBLIOTECA MUNICIPAL DEL CUSCO aC / 985.61 /bG25 aGarmendia, Roberto F. aEl progreso del Cuzco 1900 - 1977 / aCusco :c[1977]. a136 páginas ;c21 cm. aContenido: La cultura -- El ferrocarril -- Ferrocarril Cuzco Santa Ana -- Luz eléctrica -- Saneamiento -- Carreteras -- Mercados -- El cuarto centenario de la fundación española del Cuzco ... aProgreso del Cusco aFactores económicos aFactores sociales aFactores culturales